| 000 | 00531nam a22001697a 4500 | ||
|---|---|---|---|
| 999 |
_c9315 _d9315 |
||
| 008 | 210403b ||||| |||| 00| 0 eng d | ||
| 040 | _aBMS College of Architecture | ||
| 100 | _aR, Srividhya | ||
| 245 | _aProposed Ayurvedic college and Hospital at Doddaballapur | ||
| 300 | _aNA | ||
| 500 | _a1BM99AT033 | ||
| 502 |
_8B.Arch _NBMS College of Architecture, Visvesvaraya Technological University _aProject report _d2004 |
||
| 650 | _aDoddaballapur | ||
| 700 |
_aRama _eGuide |
||
| 700 |
_aChandrashekar _eGuide |
||
| 942 |
_2ddc _cTHE |
||